[Event "Obert Figueres Miquel Mas 2011"]
[Site "Figueres ESP"]
[Date "2011.08.14"]
[Round "4.17"]
[White "Boussely, Jack"]
[Black "Triadu Cassa, Jordi"]
[Result "0-1"]
[WhiteElo "1541"]
[BlackElo "2083"]
[PlyCount "68"]
[EventDate "2011.08.11"]
[EventType "swiss"]
[EventRounds "9"]
[EventCountry "ESP"]
[Source "lmi"]
[SourceDate "2011.08.11"]

1. e4 e5 2. Nf3 Nc6 3. Bc4 Nf6 4. Ng5 d5 5. exd5 Na5 6. Bb5+ c6 7. dxc6 bxc6 8.
Be2 h6 9. Nf3 e4 10. Ne5 Bd6 11. f4 exf3 12. Nxf3 O-O 13. d4 Re8 14. Nc3 Qc7
15. h3 Bg3+ 16. Kf1 Nd5 17. Nxd5 cxd5 18. c3 Nc4 19. Kg1 Bf5 20. Qf1 Nd6 21.
Ne5 f6 22. Qf3 Ne4 23. Qxf5 fxe5 24. Be3 Re7 25. Rf1 Bh4 26. Bd3 Rae8 27. Bxe4
dxe4 28. Qxe4 exd4 29. Qd5+ Kh7 30. Bxd4 Re1 31. Qf5+ Kg8 32. Qd5+ Kh8 33. Qf3
Rxf1+ 34. Qxf1 Re1 0-1

[Event "Obert Figueres Miquel Mas 2011"]
[Site "Figueres ESP"]
[Date "2011.08.14"]
[Round "4.19"]
[White "Adrian, Louise"]
[Black "Vinardell Cruanas, Sergi"]
[Result "0-1"]
[WhiteElo "1365"]
[BlackElo "2061"]
[PlyCount "60"]
[EventDate "2011.08.11"]
[EventType "swiss"]
[EventRounds "9"]
[EventCountry "ESP"]
[Source "lmi"]
[SourceDate "2011.08.11"]

1. e4 e5 2. Nc3 Nf6 3. f4 d5 4. fxe5 Nxe4 5. d3 Nxc3 6. bxc3 d4 7. Bb2 dxc3 8.
Bxc3 Bb4 9. Qd2 Bxc3 10. Qxc3 O-O 11. Nf3 Nc6 12. Be2 Bg4 13. O-O Qd5 14. Rfe1
Rad8 15. Rab1 b6 16. Kh1 Rfe8 17. Bd1 h6 18. Re4 Bf5 19. Re3 Qxa2 20. Ra1 Qd5
21. Nh4 Bd7 22. Bf3 Qd4 23. Qxd4 Nxd4 24. Ra2 g5 25. c3 Nb5 26. Nf5 Bxf5 27. d4
Be6 28. Ra4 Bd5 29. Be2 Bc6 30. Bxb5 Bxb5 0-1

[Event "Obert Figueres Miquel Mas 2011"]
[Site "Figueres ESP"]
[Date "2011.08.14"]
[Round "4.21"]
[White "Parals Marce, Luis"]
[Black "Viñas Serra, Jaume"]
[Result "1/2-1/2"]
[WhiteElo "2077"]
[BlackElo "1860"]
[PlyCount "68"]
[EventDate "2011.08.11"]
[EventType "swiss"]
[EventRounds "9"]
[EventCountry "ESP"]
[Source "lmi"]
[SourceDate "2011.08.11"]

1. Nf3 d5 2. d4 Nf6 3. c4 dxc4 4. Qa4+ Nc6 5. Qxc4 Qd5 6. Qa4 Qa5+ 7. Qxa5 Nxa5
8. Nc3 a6 9. Bf4 c6 10. Bc7 Nc4 11. b3 Na3 12. O-O-O Nb5 13. Nxb5 axb5 14. Kb2
Bf5 15. Nh4 Bd7 16. e3 g6 17. Bd3 Nd5 18. Be5 f6 19. Bg3 e6 20. Nf3 Ba3+ 21.
Ka1 Bb4 22. Rc1 O-O 23. e4 Nb6 24. Bc7 Ra6 25. Rc2 Rfa8 26. h4 Nc8 27. h5 g5
28. Nh2 Ne7 29. Ng4 Kf7 30. Rh3 Rc8 31. Bh2 e5 32. Nh6+ Kg7 33. Nf5+ Nxf5 34.
exf5 exd4 1/2-1/2

[Event "Obert Figueres Miquel Mas 2011"]
[Site "Figueres ESP"]
[Date "2011.08.14"]
[Round "4.23"]
[White "Buch Prades, Joan"]
[Black "Fleta Marin, Sergio"]
[Result "1-0"]
[WhiteElo "1965"]
[BlackElo "1675"]
[PlyCount "83"]
[EventDate "2011.08.11"]
[EventType "swiss"]
[EventRounds "9"]
[EventCountry "ESP"]
[Source "lmi"]
[SourceDate "2011.08.11"]

1. d4 Nf6 2. c4 d6 3. Nc3 g6 4. e4 Bg7 5. Bd3 O-O 6. Nge2 e5 7. d5 a5 8. O-O
Nh5 9. Be3 f5 10. f4 Na6 11. Bc2 Bh6 12. Qd2 exf4 13. Nxf4 Nxf4 14. Bxf4 g5 15.
Be3 f4 16. Bd4 Qe8 17. Qe2 Bg7 18. Bxg7 Kxg7 19. Rae1 Qe5 20. Nd1 h5 21. Nf2 g4
22. Nd3 Qg5 23. e5 f3 24. Qe3 Qxe3+ 25. Rxe3 fxg2 26. Rxf8 Kxf8 27. e6 Ke7 28.
Nf4 Nb4 29. Bb1 c6 30. a3 Na6 31. Kxg2 Nc7 32. Bg6 Kf6 33. Bxh5 Kg5 34. Kg3
cxd5 35. cxd5 Nxd5 36. Nxd5 Bxe6 37. Rxe6 Kxh5 38. Rxd6 Kg5 39. Ne3 Re8 40.
Rd5+ Kg6 41. Nxg4 b6 42. Rd6+ 1-0

[Event "Obert Figueres Miquel Mas 2011"]
[Site "Figueres ESP"]
[Date "2011.08.14"]
[Round "4.24"]
[White "Colomer Camarasa, Jordi"]
[Black "Serra Canals, Oriol"]
[Result "0-1"]
[WhiteElo "1947"]
[BlackElo "1659"]
[PlyCount "90"]
[EventDate "2011.08.11"]
[EventType "swiss"]
[EventRounds "9"]
[EventCountry "ESP"]
[Source "lmi"]
[SourceDate "2011.08.11"]

1. b4 d5 2. Bb2 e6 3. e3 Nf6 4. b5 Bd6 5. Nf3 O-O 6. Be2 b6 7. O-O Bb7 8. d4 c5
9. c4 Nbd7 10. Nbd2 Re8 11. Qb1 e5 12. dxe5 Nxe5 13. Bxe5 Bxe5 14. Nxe5 Rxe5
15. Nf3 Re8 16. Rd1 d4 17. Bd3 Ne4 18. Bxe4 Bxe4 19. Qc1 Bxf3 20. gxf3 Qg5+ 21.
Kh1 dxe3 22. Re1 Qf6 23. Rxe3 Rxe3 24. fxe3 Qxf3+ 25. Kg1 Re8 26. Qd2 Qxe3+ 27.
Qxe3 Rxe3 28. Rd1 g6 29. Kf2 Ra3 30. Rd2 Rc3 31. Rd7 Rc2+ 32. Ke3 Rxa2 33. Ke4
Kf8 34. Rc7 Rxh2 35. Rxa7 Rd2 36. Ke5 Re2+ 37. Kf6 Re6+ 38. Kg5 Re5+ 39. Kf4
Rf5+ 40. Ke4 h5 41. Ra6 Rf6 42. Ke5 Kg7 43. Ke4 h4 44. Ke5 h3 45. Ra2 g5 0-1

[Event "Obert Figueres Miquel Mas 2011"]
[Site "Figueres ESP"]
[Date "2011.08.14"]
[Round "4.26"]
[White "Vidal Zamora, Cristina"]
[Black "Gonzalez Manchon, Juan Miguel"]
[Result "1/2-1/2"]
[WhiteElo "1693"]
[BlackElo "2069"]
[PlyCount "88"]
[EventDate "2011.08.11"]
[EventType "swiss"]
[EventRounds "9"]
[EventCountry "ESP"]
[Source "lmi"]
[SourceDate "2011.08.11"]

1. e4 e5 2. Nf3 Nc6 3. Bc4 Nf6 4. d3 d6 5. Ng5 d5 6. exd5 Na5 7. Bd2 Nxc4 8.
dxc4 h6 9. Nf3 Bd6 10. h3 O-O 11. O-O Ne4 12. Nc3 f5 13. Nxe4 fxe4 14. Nh2 Qh4
15. Be1 Bd7 16. f3 Qg5 17. h4 Qg6 18. fxe4 Bc5+ 19. Kh1 Rxf1+ 20. Nxf1 Qxe4 21.
Qd3 Qg4 22. b4 e4 23. Qg3 Rf8 24. Nh2 Qxg3 25. Bxg3 Bxb4 26. Bxc7 Rf2 27. Rb1
Rxc2 28. Rxb4 Rc1+ 29. Nf1 Rxf1+ 30. Kh2 e3 31. Rxb7 Bf5 32. Bg3 Rf2 33. Rb3
Rxa2 34. Rxe3 Rc2 35. Re7 Rxc4 36. Rxa7 Be4 37. d6 Rc2 38. d7 Rxg2+ 39. Kh3 Rd2
40. Be5 Bf5+ 41. Kg3 Bxd7 42. Kf4 Kf7 43. Ke3 Rd1 44. Bd4 Ke6 1/2-1/2

[Event "Obert Figueres Miquel Mas 2011"]
[Site "Figueres ESP"]
[Date "2011.08.14"]
[Round "4.27"]
[White "Guzman Maglaya, Noli"]
[Black "Febrero Perez, Lluis"]
[Result "1-0"]
[WhiteElo "1977"]
[BlackElo "1658"]
[PlyCount "78"]
[EventDate "2011.08.11"]
[EventType "swiss"]
[EventRounds "9"]
[EventCountry "ESP"]
[Source "lmi"]
[SourceDate "2011.08.11"]

1. d4 Nf6 2. c4 g6 3. Nc3 d5 4. cxd5 Nxd5 5. e4 Nxc3 6. bxc3 c5 7. Bc4 Bg7 8.
Ne2 cxd4 9. cxd4 Nc6 10. Be3 O-O 11. O-O b6 12. Rc1 Bb7 13. f3 e6 14. Qd2 Rc8
15. Rfd1 Na5 16. Bd3 a6 17. e5 Rxc1 18. Rxc1 Nc6 19. Ng3 Nxd4 20. f4 b5 21. Be4
Bxe4 22. Nxe4 Nf5 23. Nd6 Nxe3 24. Qxe3 Qb8 25. Qc5 Rd8 26. g3 f6 27. Nc8 Bf8
28. Qc6 Kf7 29. exf6 Kxf6 30. Qxa6 b4 31. Rc6 Kf5 32. Qc4 Rd5 33. Nb6 Bc5+ 34.
Kg2 Bxb6 35. g4+ Kxg4 36. Qe2+ Kf5 37. Qxe6+ Kxf4 38. Qxd5 Qe8 39. Rf6+ Kg4 1-0

[Event "Obert Figueres Miquel Mas 2011"]
[Site "Figueres ESP"]
[Date "2011.08.14"]
[Round "4.28"]
[White "Lazaro Porta, Angel"]
[Black "Cantenys Pages, Carles"]
[Result "1-0"]
[WhiteElo "1970"]
[BlackElo "1570"]
[PlyCount "77"]
[EventDate "2011.08.11"]
[EventType "swiss"]
[EventRounds "9"]
[EventCountry "ESP"]
[Source "lmi"]
[SourceDate "2011.08.11"]

1. c4 d6 2. d4 e6 3. Nf3 Be7 4. g3 Nf6 5. Nc3 O-O 6. Bg2 c6 7. O-O h6 8. e4
Nbd7 9. e5 Nh7 10. Ne4 Nb6 11. exd6 Bf6 12. Nxf6+ Nxf6 13. c5 Nbd5 14. Ne5 Nd7
15. Nd3 b6 16. b4 Ba6 17. Bxd5 exd5 18. Qc2 Qf6 19. Be3 Rfe8 20. Rfd1 Re4 21.
Qa4 Bb5 22. Qc2 Bxd3 23. Qxd3 bxc5 24. bxc5 Rb8 25. Rab1 Rbe8 26. Rb7 Qe6 27.
Rdb1 Qh3 28. Qf1 Qf5 29. Rxa7 Nf6 30. Rbb7 Ng4 31. Rxf7 Nxe3 32. Rxf5 Nxf1 33.
Kxf1 Rxd4 34. Rff7 Rc4 35. Rxg7+ Kh8 36. Rh7+ Kg8 37. Rag7+ Kf8 38. Rh8+ Kxg7
39. Rxe8 1-0

[Event "Obert Figueres Miquel Mas 2011"]
[Site "Figueres ESP"]
[Date "2011.08.14"]
[Round "4.29"]
[White "Gonzalez Pabollet, Jesus Maria"]
[Black "Andres Sebastian, Luis"]
[Result "1-0"]
[WhiteElo "1933"]
[BlackElo "1530"]
[PlyCount "85"]
[EventDate "2011.08.11"]
[EventType "swiss"]
[EventRounds "9"]
[EventCountry "ESP"]
[Source "lmi"]
[SourceDate "2011.08.11"]

1. e4 e5 2. Nf3 Nc6 3. Bb5 Nf6 4. O-O Bc5 5. Bxc6 bxc6 6. Nxe5 d6 7. Nxc6 Qd7
8. d4 Qxc6 9. dxc5 Qxc5 10. Nc3 Bb7 11. Be3 Qa5 12. Re1 O-O 13. Bd4 Qg5 14. f4
Qg6 15. Re3 h5 16. Rg3 Ng4 17. f5 Qg5 18. Nd5 Bxd5 19. exd5 f6 20. h3 Qf4 21.
Qd3 Ne5 22. Bxe5 dxe5 23. Rf1 Qd4+ 24. Qxd4 exd4 25. Rd3 Rab8 26. b3 Rfe8 27.
Rxd4 Re5 28. c4 Kf7 29. d6 c5 30. Rd2 Ke8 31. Rfd1 Kd7 32. Rd5 a5 33. Rxe5 fxe5
34. Rd5 e4 35. Rxc5 Kxd6 36. Rd5+ Ke7 37. Rxa5 Kf6 38. Kf2 Rd8 39. Ke3 Re8 40.
Rd5 Ra8 41. a4 Rb8 42. Rb5 Re8 43. a5 1-0

[Event "Obert Figueres Miquel Mas 2011"]
[Site "Figueres ESP"]
[Date "2011.08.14"]
[Round "4.30"]
[White "Asensio Graells, Ricard"]
[Black "Padrosa Baro, Carles"]
[Result "0-1"]
[WhiteElo "1510"]
[BlackElo "1829"]
[PlyCount "62"]
[EventDate "2011.08.11"]
[EventType "swiss"]
[EventRounds "9"]
[EventCountry "ESP"]
[Source "lmi"]
[SourceDate "2011.08.11"]

1. Nf3 Nf6 2. d3 d5 3. g3 b6 4. Bg2 Bb7 5. O-O e6 6. Nbd2 Bd6 7. Re1 O-O 8. e4
dxe4 9. dxe4 e5 10. Nh4 g6 11. c3 Nbd7 12. Nf1 Kg7 13. h3 Nc5 14. Qc2 Qe7 15.
Nh2 Rad8 16. f3 Ba6 17. Be3 Ne6 18. Qd2 Bc5 19. Qf2 Bxe3 20. Qxe3 Rd3 21. Qf2
Rfd8 22. Bf1 Rd2 23. Be2 Rxb2 24. f4 Rdd2 25. Kf1 Bxe2+ 26. Rxe2 Rxe2 27. Qxe2
Rxe2 28. Kxe2 Nxe4 29. Kf3 Nxc3 30. f5 Ng5+ 31. Kg2 Qd8 0-1

[Event "Obert Figueres Miquel Mas 2011"]
[Site "Figueres ESP"]
[Date "2011.08.14"]
[Round "4.31"]
[White "Ragueneau, Yann Klemens"]
[Black "Gil Clariana, Jordi"]
[Result "1-0"]
[WhiteElo "1414"]
[BlackElo "1828"]
[PlyCount "39"]
[EventDate "2011.08.11"]
[EventType "swiss"]
[EventRounds "9"]
[EventCountry "ESP"]
[Source "lmi"]
[SourceDate "2011.08.11"]

1. e4 e6 2. d4 d5 3. e5 c5 4. c3 Nc6 5. Nf3 Nge7 6. Bd3 c4 7. Bc2 Bd7 8. O-O b5
9. Ng5 h6 10. Nh3 g6 11. Re1 Nf5 12. Nd2 Be7 13. Nf1 b4 14. Ne3 Nxe3 15. Rxe3
O-O 16. Rg3 Kg7 17. Qh5 Rh8 18. Bxg6 Bg5 19. Bxf7 Be8 20. Nxg5 1-0

[Event "Obert Figueres Miquel Mas 2011"]
[Site "Figueres ESP"]
[Date "2011.08.14"]
[Round "4.33"]
[White "Rivera Hernandez, Josep Joan"]
[Black "Garcia, Richard"]
[Result "0-1"]
[WhiteElo "1920"]
[BlackElo "1763"]
[PlyCount "82"]
[EventDate "2011.08.11"]
[EventType "swiss"]
[EventRounds "9"]
[EventCountry "ESP"]
[Source "lmi"]
[SourceDate "2011.08.11"]

1. e4 e6 2. d4 d5 3. Nd2 dxe4 4. Nxe4 Bd7 5. Nf3 Bc6 6. Bd3 Nd7 7. O-O Ngf6 8.
Bg5 Be7 9. Qe2 Nxe4 10. Bxe7 Qxe7 11. Bxe4 Bxe4 12. Qxe4 c6 13. c4 O-O 14. Rad1
Rfe8 15. Rfe1 Nf6 16. Qc2 Qc7 17. h3 a5 18. Re3 c5 19. d5 exd5 20. cxd5 Qd6 21.
Qe2 Rxe3 22. fxe3 Ne4 23. Qe1 b6 24. Qh4 Re8 25. Ng5 Nf6 26. Qf4 Qxf4 27. exf4
Rd8 28. d6 h6 29. Nf3 Ne4 30. d7 f6 31. Re1 Nd6 32. Rd1 Rxd7 33. Nh4 Rd8 34.
Nf5 Nb7 35. Re1 Rd7 36. a4 Kf7 37. g4 Nd8 38. Kf2 Ne6 39. Kf3 Nd4+ 40. Nxd4
Rxd4 41. f5 Rxa4 0-1

[Event "Obert Figueres Miquel Mas 2011"]
[Site "Figueres ESP"]
[Date "2011.08.14"]
[Round "4.38"]
[White "Idoate Arrazurria, Ricardo"]
[Black "Vega Benitez, Oscar"]
[Result "1-0"]
[WhiteElo "1573"]
[BlackElo "1200"]
[PlyCount "89"]
[EventDate "2011.08.11"]
[EventType "swiss"]
[EventRounds "9"]
[EventCountry "ESP"]
[Source "lmi"]
[SourceDate "2011.08.11"]

1. e4 e5 2. Nf3 Nc6 3. Bb5 a6 4. Ba4 Nf6 5. O-O Be7 6. Re1 O-O 7. Bxc6 dxc6 8.
Nxe5 Re8 9. d3 Bc5 10. Nf3 Bg4 11. Be3 Bxe3 12. Rxe3 Nxe4 13. h3 Bxf3 14. Qxf3
Nf6 15. Nd2 Qd5 16. Kf1 Kf8 17. Qf4 Qd6 18. Qxd6+ cxd6 19. Nc4 Rxe3 20. Nxe3 d5
21. Re1 Re8 22. Nf5 Rxe1+ 23. Kxe1 g6 24. Nd6 b5 25. b4 Nd7 26. d4 Nb6 27. Nb7
Ke7 28. Nc5 Nc4 29. Nxa6 Na3 30. Kd1 Kd7 31. Nc5+ Kc7 32. g4 Nc4 33. Nd3 Nd6
34. f3 Nc4 35. Ke2 Na3 36. Ne1 Nc4 37. f4 f5 38. g5 Nd6 39. Nd3 Nf7 40. Nc5 h6
41. gxh6 Nxh6 42. Ne6+ Kd7 43. Nf8+ Ke7 44. Nxg6+ Kf6 45. Ne5 1-0

[Event "Obert Figueres Miquel Mas 2011"]
[Site "Figueres ESP"]
[Date "2011.08.14"]
[Round "5.2"]
[White "Martinez, Duanny Lelys Stanle"]
[Black "Tillet, Louis-Juan"]
[Result "1-0"]
[WhiteElo "2455"]
[BlackElo "2204"]
[PlyCount "79"]
[EventDate "2011.08.11"]
[EventType "swiss"]
[EventRounds "9"]
[EventCountry "ESP"]
[Source "lmi"]
[SourceDate "2011.08.11"]

1. e4 e6 2. d4 d5 3. Nc3 Bb4 4. Nge2 dxe4 5. a3 Be7 6. Nxe4 Nf6 7. N2g3 Nc6 8.
c3 e5 9. Nxf6+ Bxf6 10. d5 Ne7 11. Bc4 O-O 12. O-O Bf5 13. Ba2 Qd7 14. Be3 Bg6
15. c4 Rfd8 16. Qf3 b5 17. Rad1 bxc4 18. Bxc4 Qa4 19. b3 Qxa3 20. Ne4 Bxe4 21.
Qxe4 Nc8 22. Ra1 Qe7 23. Ra6 Nd6 24. Qc2 e4 25. Bc5 Be5 26. g3 Qd7 27. Bxd6
Bxd6 28. Qxe4 Bc5 29. Rc6 Bb6 30. Bd3 g6 31. Bc4 Qe8 32. Qf4 Qf8 33. h4 Rd6 34.
h5 Rad8 35. Kg2 Rxc6 36. dxc6 Rd4 37. Qf3 Rd2 38. h6 Rd6 39. Re1 Bd4 40. Qxf7+
1-0

[Event "Obert Figueres Miquel Mas 2011"]
[Site "Figueres ESP"]
[Date "2011.08.14"]
[Round "5.3"]
[White "Houriez, Clement"]
[Black "Anikaev, Yuri N"]
[Result "1/2-1/2"]
[WhiteElo "2328"]
[BlackElo "2438"]
[PlyCount "41"]
[EventDate "2011.08.11"]
[EventType "swiss"]
[EventRounds "9"]
[EventCountry "ESP"]
[Source "lmi"]
[SourceDate "2011.08.11"]

1. d4 Nf6 2. c4 e6 3. Nf3 d5 4. g3 dxc4 5. Bg2 Nc6 6. Qa4 Nd5 7. Qxc4 Nb6 8.
Qb5 a6 9. Qd3 Nb4 10. Qd1 c5 11. O-O cxd4 12. Nxd4 e5 13. a3 exd4 14. axb4 Bxb4
15. Na3 O-O 16. Nc2 Bc5 17. b4 Be7 18. Ra5 Bf6 19. Qd3 Qe7 20. Bb2 Rd8 21. Bxd4
1/2-1/2

[Event "Obert Figueres Miquel Mas 2011"]
[Site "Figueres ESP"]
[Date "2011.08.14"]
[Round "5.4"]
[White "Trigo Urquijo, Sergio"]
[Black "Vishnu, Prasanna  V"]
[Result "0-1"]
[WhiteElo "2248"]
[BlackElo "2340"]
[PlyCount "78"]
[EventDate "2011.08.11"]
[EventType "swiss"]
[EventRounds "9"]
[EventCountry "ESP"]
[Source "lmi"]
[SourceDate "2011.08.11"]

1. d4 Nf6 2. c4 g6 3. Nc3 Bg7 4. e4 d6 5. Nf3 O-O 6. Be2 Na6 7. O-O e5 8. Re1
Qe8 9. Bf1 Bg4 10. d5 Nb4 11. Be2 a5 12. b3 Nh5 13. a3 Na6 14. h3 Bd7 15. Rb1
f5 16. b4 axb4 17. axb4 Nf6 18. Bf1 Qe7 19. Qc2 f4 20. Ba3 b6 21. Nb5 Ne8 22.
Nh2 h5 23. Qd1 Nf6 24. c5 g5 25. c6 Bc8 26. Be2 Qf7 27. Nc3 Bh6 28. f3 Kh8 29.
Kf2 g4 30. hxg4 hxg4 31. Nxg4 Bxg4 32. fxg4 Nc5 33. bxc5 Rxa3 34. Rb3 Rxb3 35.
Qxb3 f3 36. Bxf3 Nxg4+ 37. Kg1 Qf4 38. Nd1 Qg3 39. Kf1 Bd2 0-1

[Event "Obert Figueres Miquel Mas 2011"]
[Site "Figueres ESP"]
[Date "2011.08.14"]
[Round "5.5"]
[White "Alvarez, Pedraza Aramis"]
[Black "Cuadras Avellana, Jorge"]
[Result "1-0"]
[WhiteElo "2551"]
[BlackElo "2304"]
[PlyCount "83"]
[EventDate "2011.08.11"]
[EventType "swiss"]
[EventRounds "9"]
[EventCountry "ESP"]
[Source "lmi"]
[SourceDate "2011.08.11"]

1. d4 Nf6 2. c4 e6 3. Nc3 Bb4 4. Bg5 c5 5. d5 h6 6. Bh4 Bxc3+ 7. bxc3 d6 8. e3
Qe7 9. Nf3 e5 10. Qc2 Nbd7 11. Nd2 g5 12. Bg3 e4 13. h4 Rg8 14. hxg5 hxg5 15.
Rh6 Kd8 16. Rb1 Qf8 17. Rh1 Qe7 18. Be2 Re8 19. Qa4 Ne5 20. Rh6 Ng6 21. Nb3 Bd7
22. Qa3 Bc8 23. Nxc5 Ne5 24. Bxe5 Qxe5 25. Nxb7+ Ke7 26. Nxd6 Qxd6 27. Qxd6+
Kxd6 28. Rxf6+ Ke7 29. Rh6 Rd8 30. Rb5 Rd6 31. Rh8 Kf6 32. Bg4 Bxg4 33. Rxa8
Ra6 34. Rb2 Ra4 35. Kd2 Rxc4 36. Rxa7 Rc5 37. Ra4 Rxd5+ 38. Rd4 Re5 39. a4 Rf5
40. Rb6+ Kg7 41. Ke1 Rc5 42. Rb5 1-0

[Event "Obert Figueres Miquel Mas 2011"]
[Site "Figueres ESP"]
[Date "2011.08.14"]
[Round "5.7"]
[White "Lorenzo De La Riva, Lazaro"]
[Black "Vidal Zamora, Alex"]
[Result "1-0"]
[WhiteElo "2391"]
[BlackElo "2112"]
[PlyCount "67"]
[EventDate "2011.08.11"]
[EventType "swiss"]
[EventRounds "9"]
[EventCountry "ESP"]
[Source "lmi"]
[SourceDate "2011.08.11"]

1. c4 Nf6 2. d4 g6 3. f3 d6 4. e4 Bg7 5. Nc3 O-O 6. Be3 e5 7. d5 c6 8. Qd2 cxd5
9. cxd5 Ne8 10. h4 f5 11. Bg5 Bf6 12. exf5 gxf5 13. O-O-O f4 14. Ne4 Bxg5 15.
hxg5 Bf5 16. Bd3 Bg6 17. Nh3 Nd7 18. Nhf2 Rf7 19. Kb1 Rg7 20. Rh6 Nf8 21. Rg1
Qb6 22. Rgh1 Qd8 23. Ka1 a6 24. Ng4 Bxe4 25. Bxe4 Qxg5 26. R6h5 Qd8 27. Qd3 Qc7
28. a3 b5 29. Nxe5 dxe5 30. d6 Qxd6 31. Qb3+ Kh8 32. Bxa8 Rxg2 33. Qf7 Nf6 34.
Rh6 1-0

[Event "Obert Figueres Miquel Mas 2011"]
[Site "Figueres ESP"]
[Date "2011.08.14"]
[Round "5.8"]
[White "Triadu Cassa, Jordi"]
[Black "Lillo Castay, Victor"]
[Result "0-1"]
[WhiteElo "2083"]
[BlackElo "2281"]
[PlyCount "78"]
[EventDate "2011.08.11"]
[EventType "swiss"]
[EventRounds "9"]
[EventCountry "ESP"]
[Source "lmi"]
[SourceDate "2011.08.11"]

1. e4 c5 2. Nf3 d6 3. d4 cxd4 4. Nxd4 Nf6 5. Nc3 Nc6 6. Bc4 Qb6 7. Nb3 e6 8.
O-O Be7 9. Kh1 O-O 10. f4 Qc7 11. Bd3 a6 12. Qf3 b5 13. Be3 Bb7 14. Qh3 Nb4 15.
a3 Nxd3 16. cxd3 a5 17. Rac1 Qd7 18. Nd4 b4 19. Ncb5 Rfc8 20. a4 Ba6 21. Qg3
Qb7 22. e5 dxe5 23. fxe5 Ne8 24. Rc4 Bc5 25. Rfc1 Bxd4 26. Bxd4 Rd8 27. Rc5 Rd5
28. Rxd5 Qxd5 29. Bc5 Qd7 30. Nd6 Nxd6 31. exd6 f6 32. b3 Bb7 33. Bb6 Rc8 34.
Bc7 e5 35. Qe3 Bd5 36. h3 Bxb3 37. Qc5 Qxa4 38. Qxa5 Qxa5 39. d7 Qa8 0-1

[Event "Obert Figueres Miquel Mas 2011"]
[Site "Figueres ESP"]
[Date "2011.08.14"]
[Round "5.10"]
[White "Deleyn, Gunter"]
[Black "Balague Canadell, Jordi"]
[Result "1-0"]
[WhiteElo "2222"]
[BlackElo "2063"]
[PlyCount "97"]
[EventDate "2011.08.11"]
[EventType "swiss"]
[EventRounds "9"]
[EventCountry "ESP"]
[Source "lmi"]
[SourceDate "2011.08.11"]

1. c4 e6 2. Nf3 d5 3. b3 Nf6 4. g3 Be7 5. Bg2 O-O 6. O-O c5 7. e3 Nc6 8. Bb2 b6
9. Qe2 Ba6 10. Nc3 Rc8 11. d3 Qc7 12. Rfd1 Rfd8 13. a3 dxc4 14. bxc4 Rd7 15.
Rac1 Qb8 16. Nb5 Rcd8 17. e4 Bb7 18. e5 Ne8 19. h4 Nd4 20. Nbxd4 cxd4 21. Rb1
Qa8 22. Bc1 h6 23. Ne1 Bxg2 24. Nxg2 Qc6 25. Qg4 Kh8 26. Re1 Nc7 27. Nf4 Na6
28. Qh5 Bf8 29. Qd1 Nc5 30. Bd2 Qa4 31. Bb4 Qxd1 32. Rexd1 g5 33. hxg5 hxg5 34.
Nh3 Be7 35. Bxc5 Bxc5 36. Nxg5 Bxa3 37. Kg2 Kg8 38. Rh1 Be7 39. Ne4 Kg7 40. Rb5
Rh8 41. Rxh8 Kxh8 42. f4 Rc7 43. Kf3 Bc5 44. g4 Kg7 45. f5 exf5 46. gxf5 a6 47.
Rb1 a5 48. Nf6 Kh6 49. Rh1+ 1-0

[Event "Obert Figueres Miquel Mas 2011"]
[Site "Figueres ESP"]
[Date "2011.08.14"]
[Round "5.12"]
[White "Pruja Ramirez De Cartagena, Marc"]
[Black "Colls Bosch, Emili"]
[Result "1-0"]
[WhiteElo "2269"]
[BlackElo "2015"]
[PlyCount "63"]
[EventDate "2011.08.11"]
[EventType "swiss"]
[EventRounds "9"]
[EventCountry "ESP"]
[Source "lmi"]
[SourceDate "2011.08.11"]

1. e4 Nf6 2. e5 Nd5 3. d4 d6 4. c4 Nb6 5. exd6 cxd6 6. Nc3 g6 7. Be3 Bg7 8. Rc1
O-O 9. b3 Bf5 10. Nf3 e5 11. dxe5 dxe5 12. Qxd8 Rxd8 13. c5 N6d7 14. Bc4 h6 15.
O-O Nc6 16. Nb5 Be6 17. Bxe6 fxe6 18. Nc7 Rac8 19. Nxe6 Re8 20. Nxg7 Kxg7 21.
Rfd1 Nf6 22. a3 Red8 23. b4 Nd5 24. Kf1 g5 25. Nd2 Nce7 26. Nc4 Nf5 27. g4 b5
28. gxf5 bxc4 29. b5 Rd7 30. Ke1 c3 31. a4 c2 32. Rxc2 1-0

[Event "Obert Figueres Miquel Mas 2011"]
[Site "Figueres ESP"]
[Date "2011.08.14"]
[Round "5.14"]
[White "Medina Masdeu, Rasen"]
[Black "Sabria Batlle, Pol"]
[Result "0-1"]
[WhiteElo "1794"]
[BlackElo "2209"]
[PlyCount "61"]
[EventDate "2011.08.11"]
[EventType "swiss"]
[EventRounds "9"]
[EventCountry "ESP"]
[Source "lmi"]
[SourceDate "2011.08.11"]

1. e4 c5 2. Nc3 a6 3. f4 b5 4. Nf3 Bb7 5. d3 e6 6. g3 Nf6 7. Bg2 d6 8. O-O Nbd7
9. Re1 b4 10. Ne2 Be7 11. Bd2 Qc7 12. a3 a5 13. h3 O-O 14. g4 Nb6 15. Ng3 Rfe8
16. Qe2 Bf8 17. g5 Nfd7 18. h4 d5 19. h5 dxe4 20. dxe4 Ba6 21. Qf2 Nc4 22. Bc1
Bb7 23. Nh4 Rad8 24. g6 fxg6 25. hxg6 h6 26. f5 exf5 27. Nhxf5 Nde5 28. Nh4 Qb6
29. Ngf5 Nxg6 30. Nxg6 Qxg6 31. Re3 0-1

[Event "Obert Figueres Miquel Mas 2011"]
[Site "Figueres ESP"]
[Date "2011.08.14"]
[Round "5.15"]
[White "Serra Canals, Oriol"]
[Black "Perez Calahorra, Ricardo"]
[Result "0-1"]
[WhiteElo "1659"]
[BlackElo "2181"]
[PlyCount "54"]
[EventDate "2011.08.11"]
[EventType "swiss"]
[EventRounds "9"]
[EventCountry "ESP"]
[Source "lmi"]
[SourceDate "2011.08.11"]

1. d4 Nf6 2. c4 g6 3. Nc3 d5 4. cxd5 Nxd5 5. e4 Nxc3 6. bxc3 Bg7 7. Bc4 O-O 8.
Ne2 c5 9. Be3 Qa5 10. O-O e6 11. Qc2 b5 12. Bb3 c4 13. f3 cxb3 14. axb3 Qc7 15.
e5 Bb7 16. Ng3 Nd7 17. h4 f5 18. f4 Nb6 19. h5 Nd5 20. Bd2 Rfc8 21. Rac1 a5 22.
hxg6 hxg6 23. Nh1 Bh6 24. g4 Nb4 25. Qb1 Qc6 26. Kf2 Qf3+ 27. Ke1 Nd3+ 0-1

[Event "Obert Figueres Miquel Mas 2011"]
[Site "Figueres ESP"]
[Date "2011.08.14"]
[Round "5.17"]
[White "Parramon Ros, Francesc"]
[Black "Pinsach Gelabert, Alexandre"]
[Result "1-0"]
[WhiteElo "2042"]
[BlackElo "1896"]
[PlyCount "47"]
[EventDate "2011.08.11"]
[EventType "swiss"]
[EventRounds "9"]
[EventCountry "ESP"]
[Source "lmi"]
[SourceDate "2011.08.11"]

1. d4 d5 2. Bf4 e6 3. e3 Nf6 4. c3 Bd6 5. Bg3 O-O 6. Nf3 c5 7. Nbd2 Nc6 8. Bd3
h6 9. Ne5 Qe7 10. f4 Bd7 11. Bh4 Rfd8 12. Ndf3 Qf8 13. g4 Be7 14. g5 Ne4 15.
gxh6 g6 16. Bxe7 Nxe7 17. h7+ Kg7 18. Bxe4 dxe4 19. Ng5 Be8 20. Qe2 Nc6 21.
Nxg6 Kxg6 22. Qg4 f5 23. Qh4 Bd7 24. Rg1 1-0

[Event "Obert Figueres Miquel Mas 2011"]
[Site "Figueres ESP"]
[Date "2011.08.14"]
[Round "5.18"]
[White "Garcia, Richard"]
[Black "Parals Marce, Luis"]
[Result "0-1"]
[WhiteElo "1763"]
[BlackElo "2077"]
[PlyCount "43"]
[EventDate "2011.08.11"]
[EventType "swiss"]
[EventRounds "9"]
[EventCountry "ESP"]
[Source "lmi"]
[SourceDate "2011.08.11"]

1. d4 d5 2. c4 e6 3. Nf3 Be7 4. g3 Nf6 5. Bg2 O-O 6. b3 c5 7. cxd5 exd5 8. e3
Nc6 9. O-O cxd4 10. exd4 b6 11. Bb2 Ba6 12. Re1 Nb4 13. Bf1 Bxf1 14. Rxf1 Rc8
15. Ne1 Qc7 16. Nd2 Qb7 17. a3 Nc6 18. Nd3 Rfd8 19. Nf3 Bd6 20. Qe2 Na5 21. b4
Nb3 22. Ra2 0-1